01704nam a2200385 i 4500001001000000003000900010005001700019007000300036008004100039020001800080040003000098041000800128082002200136100003900158245012700197250002300324264007200347300004400419336002700463337003300490338002800523490001300551500007300564504003600637590002600673650006500699650003900764650005100803700005200854910003700906942001300943952019400956952015101150999001701301000042766DO-SdBNP20250716114652.0ta140207s2011 dr a 000 0 spa d a9789945853384 aDO-SdBNPbspacBNPHUerda aspa 4a781.63bD542r222 aDíaz, Rossy,eautor4aut.97010810aRumbas barriales :baproximaciones al análisis del merengue "de calle" /cRossy Díaz ; prólogo, Roldán Mármol H. aPrimera edición  1aSanto Domingo, República Dominicana : bEditorial Seña,c2011. a50 páginas :bilustraciones ;c21 cm. atextobtxt2rdacontent asin mediaciónbn2rdamedia avolumenbnc2rdacarrier0 aDesacato aIncluye referencias bibliográficas y notas al pie de las páginas aBibliografía: páginas 49-50 aInventariado, 2018/LP 4aMerengue (música)zRepública DominicanaxHistoria942976 4aMúsica bailable dominicana91103 4aMúsica popularzRepública Dominicana913231 aMármol H., Roldán,eprologuista4pr.970109 aValidado. Control de calidad MFF 2ddccLF2 00102ddc51708PDaBNPHUbBNPHUcHDd2014-02-07eDonado por Alfonso Quiñonesl0oBNPHU PD 781.63 D542rp42766-10r2020-06-25w2020-06-25yLF2zAutográfiado por el autor.ZNo se presta 00102ddc51708PDaBNPHUbBNPHUcHDd2019-06-17eDonaciónl0oBNPHU PD 781.63 D542rp42766-20r2020-06-25te. 2w2020-06-25yLF2ZNo se presta c42255d42255